000 00898nam a2200289 i 4500
001 C2-0330987
003 PPAK
005 20180728131457.0
008 150525s2014 my a|||| ||||| | may d
020 _a9789673513987
040 _aPPAK
_beng
_cPPAK
_erda
082 0 4 _a372.832
_223
090 0 0 _a372.832
_bNOR
_dR
100 0 _aNor Aslina Mamat,
_eauthor
245 1 0 _aPendidikan sivik dan kewarganegaraan tingkatan 4 & 5
264 1 _aPuchong, Selangor :
_bPNI Neuron (M) Sdn. Bhd. ,
_c2014
300 _a152 pages :
_bcolour photographs ;
_c26 cm
336 _2rdacontent
_atext
337 _2rdamedia
_aunmediated
338 _2rdacarrier
_avolume
490 1 _aMasteri memori peta minda visual
500 _aIncludes questions and answers
650 1 0 _aMoral education - Study and teaching.
700 _eauthor
830 0 _aMasteri memori peta minda visual
942 _ddc
_cB
999 _c129756
_d129756